Diseño de un modelo de gestión para la programación de la producción de la Cooperativa Autogestionaria de Servicios Aeroindustriales R.L
Gespeichert in:
| 1. Verfasser: | |
|---|---|
| Weitere Verfasser: | , , |
| Format: | Buch |
| Veröffentlicht: |
[San José, Costa Rica]
2005
|
| Schlagworte: | |
| Tags: |
Tag hinzufügen
Keine Tags, Fügen Sie den ersten Tag hinzu!
|
MARC
| LEADER | 00000nam a2200000Ia 4500 | ||
|---|---|---|---|
| 003 | 009439 | ||
| 005 | 20240117080805.0 | ||
| 008 | 140114s2005 cr a m 000 ||s d | ||
| 040 | |c cru CEDI | ||
| 090 | |a TFG 4982 | ||
| 100 | |a Alpízar Campos, Sandra, 1978- |9 2201 | ||
| 245 | |a Diseño de un modelo de gestión para la programación de la producción de la Cooperativa Autogestionaria de Servicios Aeroindustriales R.L | ||
| 260 | |a [San José, Costa Rica] |c 2005 | ||
| 300 | |a xiii, 162, [72] hojas : ilustraciones a color | ||
| 500 | |a Proyecto de graduación (licenciatura en ingeniería industrial)--Universidad de Costa Rica. Facultad de Ingeniería. Escuela de Ingeniería Industrial | ||
| 501 | |a Director de Proyecto de Graduación: Ing. Víctor Esquivel Méndez | ||
| 650 | |x ADMINISTRACION |x PRODUCCION (TEORIA ECONOMICA) |x INGENIERÍA DE LA PRODUCCIÓN |x PROGRAMACION DE LA PRODUCCION |9 6233 | ||
| 700 | |a Lizano Salazar, Rebeca, 1981- |9 2204 | ||
| 700 | |a Villalobos Montoya, Erick, 1981- |9 2203 | ||
| 700 | |a Esquivel Méndez, Víctor, 1980- |d Director del TFG |9 2202 | ||
| 942 | |c TFG |h TFG 4982 |i 009439 |6 TFG_4982_009439000000000 | ||
| 999 | |c 17441 |d 17441 | ||
